[Event "Medellin Amateur op"]
[Site "Medellin"]
[Date "2011.04.23"]
[Round "7.27"]
[White "Vergara, Carlos Ivan"]
[Black "Jaramillo, Gabriel"]
[Result "1-0"]
[WhiteElo "1639"]
[BlackElo "1584"]
[PlyCount "31"]
[EventDate "2011.04.20"]
[EventType "swiss"]
[EventRounds "9"]
[EventCountry "COL"]
[SourceTitle "EXT 2024"]
[Source "ChessBase"]
[SourceDate "2023.10.10"]
[SourceVersion "1"]
[SourceVersionDate "2023.10.10"]
[SourceQuality "1"]

1. e4 c5 2. Nf3 e6 3. Nc3 Nc6 4. d4 cxd4 5. Nxd4 Nf6 6. Be2 Qb6 7. Nxc6 bxc6 8. 0-0 Bb7 9. b3 a5 10. Be3 c5 11. Nd5 Nxd5 12. exd5 g6 13. a4 Bg7 14. d6 Kf8 15. Bh6 Qd8 16. Bxg7+ 1-0

[Event "Medellin Amateur op"]
[Site "Medellin"]
[Date "2011.04.22"]
[Round "4.24"]
[White "Vasquez Ayola, John"]
[Black "Vergara, Carlos Ivan"]
[Result "1-0"]
[WhiteElo "1768"]
[BlackElo "1639"]
[PlyCount "49"]
[EventDate "2011.04.20"]
[EventType "swiss"]
[EventRounds "9"]
[EventCountry "COL"]
[SourceTitle "EXT 2024"]
[Source "ChessBase"]
[SourceDate "2023.10.10"]
[SourceVersion "1"]
[SourceVersionDate "2023.10.10"]
[SourceQuality "1"]

1. d4 d5 2. c4 dxc4 3. Nf3 Nf6 4. e3 Bg4 5. Bxc4 e6 6. Nc3 Bd6 7. 0-0 0-0 8. e4 Be7 9. e5 Nd5 10. Ne4 b6 11. Ng3 Bh4 12. h3 Bxg3 13. fxg3 Bf5 14. g4 Bg6 15. h4 Be4 16. Ng5 Bg6 17. h5 h6 18. hxg6 hxg5 19. gxf7+ Rxf7 20. Rxf7 Kxf7 21. Qf3+ Ke8 22. Qe4 c6 23. Qg6+ Kd7 24. Bxg5 Qg8 25. Rf1 1-0